Music Quiz

Random Music or Bands Quiz
Score 0/20 Timer 10:00
0 Plays Today
Artist Song Title % Correct
Joan JettI Love Rock 'n' Roll
84.4%
Derek and the DominosLayla
76.4%
Thin LizzyThe Boys Are Back in Town
65%
Manfred MannBlinded by the Light
62.2%
Twisted SisterWe're Not Gonna Take It
57.4%
The Guess WhoAmerican Woman
55.4%
Simple MindsDon't You (Forget About Me)
54.7%
Ram JamBlack Betty
54.3%
Warren ZevonWerewolves of London
52.8%
T. RexBang a Gong (Get It On)
51.1%
Artist Song Title % Correct
RattRound and Round
41.8%
FreeAll Right Now
41.3%
WarLow Rider
38.8%
TotoHold the Line
33.1%
The HolliesLong Cool Woman in a Black Dress
26.6%
Rick DerringerRock and Roll, Hoochie Koo
21.6%
The Marshall Tucker BandCan't You See
21.5%
Red RiderLunatic Fringe
19.9%
The Greg Kihn BandThe Break Up Song (They Don't Write 'Em)
18.4%
Robert PalmerBad Case of Loving You (Doctor, Doctor)
15%

You're not logged in!

Compare scores with friends on all Sporcle quizzes.
OR
Log In

Sporcle TV

Today on Sporcle TV


Watch our educational content, quiz creation guides, and fun videos on Sporcle TV.

Show Comments

Extras

Top Quizzes Today


Score Distribution

Your Account Isn't Verified!

In order to create a playlist on Sporcle, you need to verify the email address you used during registration. Go to your Sporcle Settings to finish the process.

Report this User

Report this user for behavior that violates our Community Guidelines.

Details: